00329nam a2200109Ia 4500008004100000082000800041100001800049245003200067942000600099952009900105999001500204240331s9999 xx 000 0 und d bSEL aSelvarajah, N 2aA dictionary on environment cL 001040708LaWERCLbWERCLcSSCd2024-03-31l0o 030.304 SELp3377r2024-03-31w2024-03-31yL c3232d3232